[Event "Titled Tue 17th Jun Early"]
[Site "chess.com INT"]
[Date "2025.06.17"]
[Round "2"]
[White "Sychev, Klementy"]
[Black "Injac, Teodora"]
[Result "0-1"]
[WhiteTitle "GM"]
[BlackTitle "IM"]
[WhiteElo "2513"]
[BlackElo "2457"]
[WhiteFideId "4114060"]
[BlackFideId "932400"]
[EventDate "2025.06.17"]

1. e4 e5 2. Nf3 Nc6 3. Bb5 a6 4. Ba4 d6 5. O-O Nf6 6. c3 Bd7 7. d4 g6 8. Re1 Bg7
9. h3 O-O 10. Bc2 a5 11. Na3 a4 12. Be3 Re8 13. dxe5 Nxe5 14. Nxe5 dxe5 15. Qf3
Qe7 16. Bd3 Rab8 17. Nc2 b5 18. Bg5 h6 19. Bh4 Qe6 20. Ne3 c6 21. c4 b4 22. c5
Qe7 23. Rac1 Be6 24. Bc4 Red8 25. Bxe6 Qxe6 26. Nc4 Rd4 27. b3 Nd7 28. Nb2 a3
29. Na4 Rd2 30. Re2 Rd4 31. Rec2 f5 32. Rc4 Rxc4 33. Rxc4 f4 34. Qg4 Qxg4 35.
hxg4 g5 36. Rc2 gxh4 37. Rd2 Nf6 38. f3 Bf8 39. Kh2 Kf7 40. Kh3 Be7 41. Kxh4
Nxe4+ 0-1

[Event "Titled Tue 17th Jun Early"]
[Site "chess.com INT"]
[Date "2025.06.17"]
[Round "2"]
[White "Abdilkhair, Abilmansur"]
[Black "Goldin, Roman"]
[Result "1-0"]
[WhiteTitle "IM"]
[BlackTitle "FM"]
[WhiteElo "2401"]
[BlackElo "2299"]
[WhiteFideId "13716417"]
[BlackFideId "2803860"]
[EventDate "2025.06.17"]

1. e4 Nc6 2. d4 e5 3. Nf3 exd4 4. Nxd4 g6 5. Nxc6 bxc6 6. h4 h6 7. Nc3 Bg7 8.
Be3 Ne7 9. Qd2 d6 10. O-O-O Be6 11. f4 f5 12. h5 fxe4 13. hxg6 d5 14. Be2 Qd7
15. Na4 Bg4 16. Nc5 Qf5 17. Bd4 O-O 18. Bxg7 Kxg7 19. Bxg4 Qxg4 20. f5 Nxf5 21.
Ne6+ Kxg6 22. Nxf8+ Rxf8 23. Rdf1 Qg5 24. Rf4 e3 25. Qb4 c5 26. Qa4 d4 27. Qc6+
Nd6 28. Rxf8 e2+ 29. Kb1 Qd2 30. Rff1 exf1=Q+ 31. Rxf1 Qe2 32. Rc1 d3 33. cxd3
Qxd3+ 34. Ka1 Qd2 35. Qxc5 Qxg2 36. Qxc7 1-0

[Event "Titled Tue 17th Jun Early"]
[Site "chess.com INT"]
[Date "2025.06.17"]
[Round "2"]
[White "Ezat, Mohamed"]
[Black "Ady, Jonathan J."]
[Result "1-0"]
[WhiteTitle "IM"]
[BlackTitle "FM"]
[WhiteElo "2299"]
[BlackElo "2355"]
[WhiteFideId "10600906"]
[BlackFideId "6000240"]
[EventDate "2025.06.17"]

1. e4 c5 2. d4 cxd4 3. c3 d3 4. Nf3 Nc6 5. Bxd3 g6 6. Bc4 Bg7 7. O-O d6 8. Qb3
Na5 9. Bb5+ Bd7 10. Qa4 Nc6 11. Rd1 a6 12. Bxc6 Bxc6 13. Qc2 Qa5 14. Nbd2 Nf6
15. Nc4 Qh5 16. Re1 O-O 17. Bg5 Rac8 18. Qd3 Rfe8 19. h3 Nxe4 20. Rxe4 d5 21.
Rh4 dxc4 22. Qxc4 Bxf3 23. Qf4 e5 24. Qg3 e4 25. Rxh5 Bxh5 26. Qh4 Be2 27. Bf6
Re6 28. Bxg7 Kxg7 29. Qg5 Bc4 30. b3 Bd3 31. c4 h6 32. Qe3 Rd8 33. Rd1 f5 34.
Rd2 g5 35. g3 Kg6 36. h4 Rf8 37. Rxd3 f4 38. Qe1 gxh4 39. gxf4 Rxf4 40. Rh3 1-0

[Event "Titled Tue 17th Jun Early"]
[Site "chess.com INT"]
[Date "2025.06.17"]
[Round "2"]
[White "Bogdanov, Artyom"]
[Black "Pakleza, Zbigniew"]
[Result "0-1"]
[WhiteTitle "FM"]
[BlackTitle "GM"]
[WhiteElo "2370"]
[BlackElo "2484"]
[WhiteFideId "13749200"]
[BlackFideId "1119290"]
[EventDate "2025.06.17"]

1. Nf3 d5 2. b3 Nf6 3. Bb2 Bf5 4. g3 e6 5. Bg2 h6 6. d3 Be7 7. O-O O-O 8. Nbd2
c6 9. Re1 a5 10. e4 Bh7 11. a3 Nbd7 12. Ne5 Nxe5 13. Bxe5 Nd7 14. Bb2 Bf6 15. e5
Be7 16. Nf3 Qb6 17. a4 Rfc8 18. Nd2 Bc5 19. Qe2 Bd4 20. c3 Bc5 21. d4 Bf8 22.
Bf1 c5 23. Qb5 Qxb5 24. Bxb5 Nb8 25. Rec1 Nc6 26. Kf1 g5 27. Ke2 h5 28. h3 g4
29. hxg4 hxg4 30. Nf1 Be4 31. Nd2 Bf5 32. Nf1 cxd4 33. cxd4 Bh6 34. Ne3 Bxe3 35.
Kxe3 Nb4 36. Kd2 Bc2 37. Bc3 Bxb3 38. Bxb4 axb4 39. Rab1 Rxc1 40. Rxc1 Kg7 41.
Rb1 Bxa4 42. Ra1 Ra5 43. Bd7 b5 44. Bxb5 Rxb5 45. Rxa4 b3 46. Kc1 b2+ 47. Kb1
Kg6 48. Ra3 Rb4 49. Rd3 Kf5 50. Rd2 Ke4 0-1

[Event "Titled Tue 17th Jun Early"]
[Site "chess.com INT"]
[Date "2025.06.17"]
[Round "2"]
[White "Shokirjonova, Barchinoy"]
[Black "Sharapov, Yevhen"]
[Result "0-1"]
[WhiteTitle "WFM"]
[BlackTitle "GM"]
[WhiteElo "2010"]
[BlackElo "2375"]
[WhiteFideId "14212307"]
[BlackFideId "14103133"]
[EventDate "2025.06.17"]

1. Nf3 c5 2. c4 Nc6 3. g3 e5 4. d3 g6 5. Bg2 Bg7 6. h4 h5 7. Nc3 d6 8. O-O Nge7
9. Bg5 f6 10. Bd2 O-O 11. a3 a5 12. Rb1 Be6 13. Nb5 d5 14. cxd5 Nxd5 15. Qc2 Nd4
16. Nfxd4 cxd4 17. Rbc1 Rc8 18. Qa4 b6 19. Na7 Rc7 20. Nb5 Rxc1 21. Rxc1 Qd7 22.
Bxd5 Bxd5 23. Rc7 Qe8 24. b4 Kh8 25. bxa5 Bc6 26. Rxc6 Qxc6 27. a6 Ra8 28. a7
Bf8 29. Qc4 Qxc4 30. dxc4 Bc5 31. a4 Kg8 32. e3 dxe3 33. Bxe3 Bxe3 34. fxe3 Kf7
35. Kf2 Ke7 36. Kf3 f5 37. e4 Kd7 38. Ke3 Kc6 39. Kd3 Kc5 40. exf5 gxf5 41. Kc3
f4 42. Kb3 fxg3 43. Kc3 g2 0-1

[Event "Titled Tue 17th Jun Early"]
[Site "chess.com INT"]
[Date "2025.06.17"]
[Round "2"]
[White "Montano Vicente, Guadalupe"]
[Black "Raptis, Nick"]
[Result "0-1"]
[BlackTitle "FM"]
[WhiteElo "1938"]
[BlackElo "2220"]
[WhiteFideId "5181399"]
[BlackFideId "2016850"]
[EventDate "2025.06.17"]

1. d4 Nf6 2. c4 g6 3. Nc3 d6 4. e4 Bg7 5. h3 O-O 6. Be3 c5 7. Nf3 cxd4 8. Nxd4
Nc6 9. Bd3 Bd7 10. O-O Rc8 11. Rc1 a6 12. b3 Qa5 13. Bb1 Rfe8 14. Kh1 Nxd4 15.
Bxd4 Bc6 16. Nd5 Bxd5 17. exd5 b5 18. Re1 bxc4 19. bxc4 Nd7 20. Bxg7 Kxg7 21.
Qd4+ Kg8 22. f4 Qc5 23. Qxc5 Nxc5 24. Re3 Rb8 25. Ra3 Rb2 26. Bc2 Reb8 27. f5
Kg7 28. fxg6 hxg6 29. Kg1 R8b4 30. Bd1 Rb1 31. Rac3 R4b2 32. a3 a5 33. Bf3 Rb3
34. Rxb1 Rxb1+ 35. Kh2 Rb3 36. Rxb3 Nxb3 0-1

[Event "Titled Tue 17th Jun Early"]
[Site "chess.com INT"]
[Date "2025.06.17"]
[Round "2"]
[White "Huh, Isaak"]
[Black "Dzhumagaliev, Yan"]
[Result "1-0"]
[WhiteTitle "CM"]
[BlackTitle "IM"]
[WhiteElo "2139"]
[BlackElo "2411"]
[WhiteFideId "13209590"]
[BlackFideId "24100110"]
[EventDate "2025.06.17"]

1. Nf3 Nf6 2. g3 d5 3. Bg2 c6 4. O-O Bf5 5. c4 e6 6. d3 Nbd7 7. Nc3 h6 8. a3 a5
9. cxd5 exd5 10. e4 dxe4 11. dxe4 Bg4 12. e5 Nh7 13. Re1 Be7 14. h3 Be6 15. Nd4
O-O 16. Nxe6 fxe6 17. Qg4 Nc5 18. Be3 Qc8 19. Bxh6 Rf7 20. Rad1 Nf8 21. Ne4 Nxe4
22. Bxe4 Qc7 23. h4 Qb6 24. Be3 Qxb2 25. Bd4 Qxa3 26. h5 Kh8 27. h6 g5 28. Qh5
Kg8 29. Re3 Qa4 30. h7+ Nxh7 31. Qg6+ Kf8 32. Red3 Qc4 33. Qh6+ Kg8 34. Bg6 Rg7
35. Kg2 Nf8 36. Be4 c5 37. Rh1 cxd4 38. Rf3 1-0

[Event "Titled Tue 17th Jun Early"]
[Site "chess.com INT"]
[Date "2025.06.17"]
[Round "2"]
[White "Celik, Ali Alper"]
[Black "Srihari, L R"]
[Result "1-0"]
[WhiteTitle "FM"]
[BlackTitle "IM"]
[WhiteElo "2213"]
[BlackElo "2480"]
[WhiteFideId "44569955"]
[BlackFideId "46617116"]
[EventDate "2025.06.17"]

1. e4 e5 2. Nf3 Nc6 3. Bb5 a6 4. Bxc6 dxc6 5. O-O Qd6 6. Na3 Be6 7. Qe2 f6 8.
Nc4 Qd7 9. Rd1 O-O-O 10. d4 Qf7 11. b3 exd4 12. Nxd4 Bxc4 13. bxc4 Bc5 14. Be3
Ne7 15. Nxc6 Nxc6 16. Bxc5 Ne5 17. Rd5 c6 18. Rxd8+ Rxd8 19. Bb6 Rd7 20. c5 Qc4
21. Qh5 g6 22. Qh6 Qf7 23. h3 Nc4 24. Re1 Re7 25. Qf4 Qe6 26. f3 Qe5 27. Qxe5
fxe5 28. Rd1 Rd7 29. Rf1 g5 30. h4 Ne3 31. Rf2 g4 32. Kh2 Rd1 33. Kg3 Rd4 34.
fxg4 Nc4 35. Rf8+ Kd7 36. Rf7+ Ke6 37. Rxh7 Rxe4 38. g5 Kf5 39. Rf7+ Ke6 40.
Rf6+ Kd5 41. h5 Ne3 42. h6 Rg4+ 43. Kf3 Kd4 44. Rd6+ 1-0

[Event "Titled Tue 17th Jun Early"]
[Site "chess.com INT"]
[Date "2025.06.17"]
[Round "2"]
[White "Ivashentseva, Dominika"]
[Black "Shogdzhiev, Roman"]
[Result "0-1"]
[WhiteTitle "WCM"]
[BlackTitle "FM"]
[WhiteElo "1969"]
[BlackElo "2402"]
[WhiteFideId "34331050"]
[BlackFideId "55653537"]
[EventDate "2025.06.17"]

1. d4 Nf6 2. c4 e6 3. Nf3 d5 4. g3 Bb4+ 5. Nbd2 Be7 6. Bg2 O-O 7. O-O Nbd7 8.
Ne5 c6 9. e4 Nxe5 10. dxe5 Nd7 11. exd5 cxd5 12. cxd5 Nxe5 13. dxe6 Bxe6 14.
Bxb7 Rb8 15. Bg2 Nd3 16. Nb3 a5 17. Be4 Nxc1 18. Rxc1 Qxd1 19. Rfxd1 a4 20. Nd4
Rxb2 21. Nxe6 fxe6 22. Rc2 Rfb8 23. Rd7 Bf6 24. Rdc7 a3 25. Ra7 Bd4 26. Rxa3
Rxc2 27. Bxc2 Rb2 28. Ra8+ Kf7 29. Bxh7 Rxf2 30. Kh1 g6 31. Bg8+ Ke7 32. Bh7 g5
33. a4 e5 34. a5 g4 35. a6 Rf1+ 36. Kg2 Rg1# 0-1

[Event "Titled Tue 17th Jun Early"]
[Site "chess.com INT"]
[Date "2025.06.17"]
[Round "2"]
[White "Voege, Tobias"]
[Black "Manukian, Artak"]
[Result "1-0"]
[WhiteTitle "FM"]
[WhiteElo "2256"]
[BlackElo "2104"]
[WhiteFideId "1270513"]
[BlackFideId "13301373"]
[EventDate "2025.06.17"]

1. e4 c5 2. Nf3 a6 3. c3 d5 4. exd5 Qxd5 5. d4 Bg4 6. Be2 e6 7. O-O Nf6 8. c4
Qd6 9. d5 exd5 10. cxd5 Qxd5 11. Nc3 Qxd1 12. Rxd1 Nc6 13. Be3 Rd8 14. Na4 Rxd1+
15. Rxd1 Nd7 16. h3 Be6 17. b3 b5 18. Nc3 Be7 19. Ne4 Nb4 20. Rd2 Nd5 21. Bg5 f6
22. Bh4 Kf7 23. a4 Rb8 24. axb5 axb5 25. Ra2 f5 26. Neg5+ Bxg5 27. Nxg5+ Ke7 28.
Nxh7+ Kd6 29. Ng5 Rb6 30. Bg3+ f4 31. Bh2 N7f6 32. Rd2 Ke7 33. Bd1 c4 34. Nf3 c3
35. Re2 Ra6 36. g3 Ra1 37. Re1 Kf7 38. Ng5+ Kg6 39. Nxe6 c2 40. Bxc2+ 1-0

[Event "Titled Tue 17th Jun Early"]
[Site "chess.com INT"]
[Date "2025.06.17"]
[Round "2"]
[White "Luong Phuong Hanh"]
[Black "Nezamyatin, Ruslan"]
[Result "1/2-1/2"]
[WhiteTitle "WIM"]
[BlackTitle "CM"]
[WhiteElo "2121"]
[BlackElo "2070"]
[WhiteFideId "12401013"]
[BlackFideId "24153451"]
[EventDate "2025.06.17"]

1. d4 Nf6 2. Nf3 e6 3. e3 c5 4. Bd3 Nc6 5. O-O b6 6. c4 Bb7 7. Nc3 cxd4 8. exd4
d5 9. cxd5 Nxd5 10. Ne5 Nxe5 11. dxe5 Nxc3 12. bxc3 Qd5 13. f3 Bc5+ 14. Kh1
O-O-O 15. Be2 Qxe5 16. Qc2 Bd6 17. f4 Qe4 18. Qxe4 Bxe4 19. Be3 Kb7 20. a4 Rc8
21. a5 Rxc3 22. Bd4 Rc2 23. Rfe1 Bb4 24. Ba6+ Kxa6 25. axb6+ Kb5 26. Rxe4 axb6
27. Rb1 Rc4 28. Re5+ Kc6 29. Bg1 Bc5 30. Bxc5 bxc5 31. h3 Rxf4 32. Rc1 c4 33.
Ra5 Rb8 34. Ra7 Rb7 35. Ra6+ Kd5 36. Ra5+ Kd4 37. Ra4 Kd3 38. Ra3+ Rb3 39. Ra7
c3 40. Rd7+ Ke2 41. Rc2+ Ke3 42. Kh2 Rd4 43. Rxf7 Rd2 44. Rf3+ Kd4 45. Rc1 c2
46. Rxb3 Kc4 47. Rg3 e5 48. Rxg7 Kd3 49. Rd7+ Kc3 50. Rb7 e4 51. Re7 Kd3 52.
Rxh7 e3 53. Rd7+ Kc3 54. Kg3 Kb2 55. Rxc2+ Kxc2 56. Re7 e2 57. Kf2 Kd1 58. Kg3
e1=Q+ 59. Rxe1+ Kxe1 60. h4 Kf1 61. h5 Rxg2+ 62. Kh4 Kf2 63. h6 Kf3 64. Kh5 Kf4
65. h7 Kf5 66. Kh6 Rh2+ 67. Kg7 Rg2+ 68. Kf8 Rh2 69. Kg7 Rg2+ 70. Kf8 Rh2 71.
Kg7 1/2-1/2

[Event "Titled Tue 17th Jun Early"]
[Site "chess.com INT"]
[Date "2025.06.17"]
[Round "2"]
[White "Stribuk, Artiom"]
[Black "Craciun, Sasha-Matei"]
[Result "1-0"]
[WhiteTitle "IM"]
[BlackTitle "FM"]
[WhiteElo "2460"]
[BlackElo "2320"]
[WhiteFideId "13515659"]
[BlackFideId "1281186"]
[EventDate "2025.06.17"]

1. g3 Nf6 2. Bg2 e6 3. Nf3 d5 4. O-O Be7 5. d3 O-O 6. a4 c5 7. Bf4 Nc6 8. Ne5
Bd6 9. Nxc6 bxc6 10. Bxd6 Qxd6 11. Nd2 Rb8 12. b3 e5 13. e4 Rd8 14. Qc1 Ba6 15.
Re1 c4 16. exd5 cxd3 17. dxc6 dxc2 18. Nc4 Bxc4 19. bxc4 e4 20. Qxc2 Qxc6 21.
Bxe4 Qc5 22. Bf3 Nd7 23. Rad1 Nb6 24. Rxd8+ Rxd8 25. Be2 g6 26. Rd1 Rc8 27. Rb1
Nd5 28. Qd2 Nf6 29. Qe3 Qc7 30. Bf1 Re8 31. Qf4 Qc5 32. Qxf6 h5 33. h4 a5 34.
Rb7 Rf8 35. Qf4 Kg7 36. Bg2 Qa3 37. Bd5 Qa1+ 38. Kg2 1-0

[Event "Titled Tue 17th Jun Early"]
[Site "chess.com INT"]
[Date "2025.06.17"]
[Round "2"]
[White "Teterev, Vitaly"]
[Black "Kezin, Roman"]
[Result "0-1"]
[WhiteTitle "GM"]
[BlackTitle "IM"]
[WhiteElo "2248"]
[BlackElo "2471"]
[WhiteFideId "13501429"]
[BlackFideId "24124621"]
[EventDate "2025.06.17"]

1. Nf3 d5 2. g3 Nf6 3. Bg2 e6 4. O-O Be7 5. d3 c5 6. Nbd2 Nc6 7. e4 b6 8. c3 Bb7
9. Re1 Qc7 10. Nf1 O-O-O 11. Bf4 e5 12. Nxe5 Nxe5 13. d4 dxe4 14. Bxe5 Qd7 15.
Bxf6 Bxf6 16. dxc5 Qxd1 17. Raxd1 Rxd1 18. Rxd1 bxc5 19. Re1 Re8 20. Nd2 Kc7 21.
Bxe4 Bd8 22. Re3 Ba6 23. Bxh7 Rh8 24. Be4 Bg5 25. f4 Rd8 26. Nf3 Bf6 27. Re1 Bc4
28. a3 Rb8 29. Nd2 Be6 30. f5 Ba2 31. b4 Bxc3 32. Re2 cxb4 33. axb4 Rxb4 34. Kg2
Kb6 35. Nf3 Bc4 36. Rc2 Bf6 37. g4 Bb3 38. Re2 a5 0-1

[Event "Titled Tue 17th Jun Early"]
[Site "chess.com INT"]
[Date "2025.06.17"]
[Round "2"]
[White "Plat, Vojtech"]
[Black "Ersoz, Teoman Guney"]
[Result "0-1"]
[WhiteTitle "GM"]
[BlackTitle "CM"]
[WhiteElo "2497"]
[BlackElo "2052"]
[WhiteFideId "325740"]
[BlackFideId "44537050"]
[EventDate "2025.06.17"]

1. e4 c5 2. Nf3 e6 3. c3 d5 4. exd5 Qxd5 5. d4 Nf6 6. Nbd2 cxd4 7. Bc4 Qd6 8.
Nxd4 a6 9. O-O Be7 10. Qf3 Nbd7 11. Bb3 O-O 12. Nc4 Qc7 13. Bf4 e5 14. Nf5 exf4
15. Nxe7+ Kh8 16. Nd5 Nxd5 17. Qxd5 Nf6 18. Qg5 f3 19. gxf3 b5 20. Ne5 Bb7 21.
Rfe1 h6 22. Qf5 a5 23. Rad1 a4 24. Bc2 Rad8 25. Rxd8 Rxd8 26. Ng4 Rg8 27. Nxf6
gxf6+ 28. Kh1 Rg6 29. h4 Qc6 30. Be4 Qb6 31. Bxb7 Qxf2 32. Re8+ Kg7 33. Qh3 Rg3
34. Qxg3+ Qxg3 35. Re2 Qxh4+ 36. Kg2 Qg5+ 37. Kf2 Qc5+ 38. Kg2 a3 39. bxa3 Qxc3
40. Be4 Qxa3 41. Kg3 Qc5 42. Rg2 f5 43. Kf4+ Kf6 44. Bc2 Qe5# 0-1

[Event "Titled Tue 17th Jun Early"]
[Site "chess.com INT"]
[Date "2025.06.17"]
[Round "2"]
[White "Materia, Marco"]
[Black "Punin, Andrii"]
[Result "1-0"]
[WhiteTitle "IM"]
[BlackTitle "FM"]
[WhiteElo "2489"]
[BlackElo "2289"]
[WhiteFideId "45150451"]
[BlackFideId "14112639"]
[EventDate "2025.06.17"]

1. Nf3 Nf6 2. b3 d5 3. Bb2 Bf5 4. d3 e6 5. Nh4 Bg4 6. h3 Bh5 7. g4 Nfd7 8. Ng2
Bg6 9. Nf4 e5 10. Nxd5 Nc6 11. Bg2 h5 12. e3 Bd6 13. Nd2 Nf6 14. Nxf6+ Qxf6 15.
Qe2 hxg4 16. hxg4 Rxh1+ 17. Bxh1 Qh4 18. O-O-O O-O-O 19. Bxc6 bxc6 20. Nc4 f5
21. gxf5 Bh5 22. f3 Qh3 23. Bxe5 Bxf3 24. Qf1 Qxf5 25. Bxd6 cxd6 26. Nd2 Rf8 27.
Nxf3 Qxf3 28. Qg1 Rf7 29. e4 Kb7 30. Qg6 Rd7 31. Rg1 a5 32. a4 Kb6 33. Kb2 Qf2
34. Rg2 Qd4+ 35. Ka2 d5 36. exd5 Rxd5 37. Qxg7 Qxg7 38. Rxg7 Rc5 39. Kb2 Rh5 40.
d4 Rh4 41. Kc3 Rh3+ 42. Kc4 Rh4 43. c3 Rf4 44. Rg6 Rh4 45. Rg5 Rf4 46. Rg7 Rh4
47. Rg6 Rf4 48. b4 axb4 49. Kxb4 Rh4 50. a5+ Kb7 51. Rg7+ Ka6 52. Rc7 Rh6 53.
Kc5 Rh3 54. c4 Rh5+ 55. Kxc6 Kxa5 56. Rb7 Ka6 57. Rb1 Rh6+ 58. Kc5 Rh8 59. d5
Ka7 60. d6 Rh5+ 61. Kc6 Rh4 62. c5 Rg4 63. Kc7 Rg7+ 64. d7 Ka6 65. c6 Rg1 66.
Rxg1 1-0

[Event "Titled Tue 17th Jun Early"]
[Site "chess.com INT"]
[Date "2025.06.17"]
[Round "2"]
[White "Antonio, Rogelio Jr"]
[Black "Moroni, Luca Jr"]
[Result "0-1"]
[WhiteTitle "GM"]
[BlackTitle "GM"]
[WhiteElo "2354"]
[BlackElo "2549"]
[WhiteFideId "5200032"]
[BlackFideId "865834"]
[EventDate "2025.06.17"]

1. e4 g6 2. d4 Bg7 3. Nc3 a6 4. Be3 b5 5. Qd2 Bb7 6. f3 d6 7. h4 h5 8. a4 b4 9.
Nce2 a5 10. Nh3 e6 11. Ng5 Nd7 12. Nf4 Qe7 13. Bb5 c6 14. Be2 e5 15. dxe5 Bxe5
16. O-O-O Nc5 17. Nd3 Nxd3+ 18. cxd3 Bg7 19. d4 Nf6 20. Kb1 O-O 21. Rhe1 c5 22.
Bb5 Rfd8 23. Qc2 cxd4 24. Bxd4 Rac8 25. Qb3 Nd7 26. Bxg7 Kxg7 27. Qe3 Nc5 28.
Qd4+ Qe5 29. Qxe5+ dxe5 30. Rxd8 Rxd8 31. Kc2 f6 32. Nh3 Ne6 33. Nf2 Nd4+ 34.
Kb1 Bc8 35. Bc4 Bd7 36. b3 Be6 37. Bxe6 Nxe6 38. Rd1 Nd4 39. Kb2 Rc8 40. Rc1
Rxc1 41. Kxc1 Nxb3+ 42. Kc2 Nc5 43. Nd1 Nxa4 44. Ne3 Nc5 45. Nc4 a4 46. Nb6 a3
47. Nc4 b3+ 48. Kb1 a2+ 0-1

[Event "Titled Tue 17th Jun Early"]
[Site "chess.com INT"]
[Date "2025.06.17"]
[Round "2"]
[White "Starozhilov, Leonid"]
[Black "Kurchenko, Egor"]
[Result "1-0"]
[WhiteTitle "FM"]
[BlackTitle "FM"]
[WhiteElo "2240"]
[BlackElo "2130"]
[WhiteFideId "14106752"]
[BlackFideId "54157749"]
[EventDate "2025.06.17"]

1. e4 e5 2. Nf3 Nc6 3. Nc3 Nf6 4. Bb5 Nd4 5. Bc4 c6 6. d3 d5 7. exd5 cxd5 8.
Nxd4 dxc4 9. Nf3 cxd3 10. cxd3 Bd6 11. h3 h6 12. O-O O-O 13. Re1 Re8 14. Be3 Bf5
15. d4 e4 16. Nd2 a6 17. Rc1 Bc7 18. Nf1 Rc8 19. Qd2 Nd5 20. Nxd5 Qxd5 21. Rc5
Qd7 22. Rec1 Be6 23. a3 Bd6 24. Rxc8 Rxc8 25. Ng3 Rxc1+ 26. Qxc1 Bd5 27. Bf4 Bc6
28. Bxd6 Qxd6 29. Qe3 g6 30. Ne2 Kg7 31. Nc3 f5 32. d5 Bd7 33. h4 Qe5 34. f3 h5
35. fxe4 fxe4 36. Qxe4 Qxe4 37. Nxe4 Bf5 38. Nc5 Be4 39. Nxe4 1-0

[Event "Titled Tue 17th Jun Early"]
[Site "chess.com INT"]
[Date "2025.06.17"]
[Round "2"]
[White "Berikkyzy Alanna"]
[Black "Stankovic, Boris"]
[Result "0-1"]
[WhiteTitle "WFM"]
[BlackTitle "FM"]
[WhiteElo "2080"]
[BlackElo "2298"]
[WhiteFideId "13780719"]
[BlackFideId "985317"]
[EventDate "2025.06.17"]

1. e4 d6 2. d4 Nf6 3. Nc3 e5 4. Nf3 Nbd7 5. Bc4 Be7 6. a4 O-O 7. a5 c6 8. O-O
Re8 9. Re1 Qc7 10. h3 exd4 11. Nxd4 Ne5 12. Bf1 Bf8 13. Be3 Bd7 14. f4 Ng6 15.
Qf3 Rad8 16. Bf2 Bc8 17. Nb3 b6 18. axb6 axb6 19. Qe3 b5 20. Ra7 Qb8 21. Rea1 b4
22. Ra8 Qc7 23. R1a7 Bb7 24. Rxd8 Rxd8 25. Na4 Qb8 26. Qb6 Nxe4 27. Rxb7 Qc8 28.
Rc7 Qf5 29. Qe3 Nxf2 30. Qxf2 c5 31. g3 Qf6 32. c3 bxc3 33. bxc3 Re8 34. Kg2 h5
35. Nb6 h4 36. Bc4 hxg3 37. Qxg3 Nxf4+ 38. Kh2 Ne6 39. Nd5 Qf5 40. Ra7 g6 41.
Ra2 Bg7 42. Rf2 Qe4 43. Nf4 Qxc4 44. Nxe6 Rxe6 45. Nd2 Qxc3 46. Qf4 Be5 0-1

[Event "Titled Tue 17th Jun Early"]
[Site "chess.com INT"]
[Date "2025.06.17"]
[Round "2"]
[White "Liyanage, Pesandu Rashmitha"]
[Black "Weerasekara, Dishal Nimsara"]
[Result "0-1"]
[WhiteTitle "FM"]
[BlackTitle "FM"]
[WhiteElo "2129"]
[BlackElo "2125"]
[WhiteFideId "9947876"]
[BlackFideId "9997431"]
[EventDate "2025.06.17"]

1. d4 Nf6 2. c4 e6 3. Nf3 d5 4. g3 Bb4+ 5. Bd2 Be7 6. Bg2 O-O 7. O-O dxc4 8. Na3
Nc6 9. e3 Bxa3 10. bxa3 Qe7 11. a4 Ne4 12. Qc2 Nxd2 13. Nxd2 Nb4 14. Qxc4 c6 15.
a5 e5 16. a3 Na6 17. Nf3 Be6 18. Qc2 exd4 19. Nxd4 Rfd8 20. Rfd1 Nc7 21. Rab1
Rab8 22. Bxc6 Bd5 23. Bxd5 Nxd5 24. Nf5 Qxa3 25. Rb5 Nf6 26. Rxb7 Rxd1+ 27. Qxd1
Rxb7 28. Qd8+ Qf8 29. Qd3 Rd7 30. Qc3 Qd8 31. Nd4 Nd5 32. Qc6 Nf6 33. a6 h6 34.
h4 Qb6 0-1

[Event "Titled Tue 17th Jun Early"]
[Site "chess.com INT"]
[Date "2025.06.17"]
[Round "2"]
[White "Grzesik, Gracjan"]
[Black "Sturt, Raven"]
[Result "1-0"]
[WhiteTitle "CM"]
[BlackTitle "GM"]
[WhiteElo "2175"]
[BlackElo "2459"]
[WhiteFideId "1194593"]
[BlackFideId "2007304"]
[EventDate "2025.06.17"]

1. c4 f5 2. Nf3 Nf6 3. Nc3 g6 4. d3 Bg7 5. e4 d6 6. exf5 Bxf5 7. d4 O-O 8. Bd3
Bg4 9. Be2 Nc6 10. d5 Bxf3 11. Bxf3 Ne5 12. Be2 Nh5 13. g3 Qd7 14. f4 Qh3 15.
Bf1 Qf5 16. Be2 Nxc4 17. Bd3 Qh3 18. Bf1 Qf5 19. Bd3 Bxc3+ 20. bxc3 Qf6 21. O-O
b5 22. Rb1 a6 23. Qe2 Ng7 24. Bxc4 bxc4 25. Qxc4 Rab8 26. Be3 Nf5 27. Bf2 h5 28.
Qxc7 Rbc8 29. Qd7 Rxc3 30. Rb7 Rfc8 31. Rfb1 Rc1+ 32. Rxc1 Rxc1+ 33. Kg2 Kh7 34.
Rb8 Qf7 35. Qd8 Qxd5+ 36. Kh3 Kg7 37. Qf8+ Kh7 38. Qh8# 1-0

[Event "Titled Tue 17th Jun Early"]
[Site "chess.com INT"]
[Date "2025.06.17"]
[Round "2"]
[White "Zoar Haque, Prodhan"]
[Black "George, Kevin"]
[Result "1-0"]
[WhiteTitle "CM"]
[BlackTitle "IM"]
[WhiteElo "1946"]
[BlackElo "2327"]
[WhiteFideId "10207473"]
[BlackFideId "10669515"]
[EventDate "2025.06.17"]

1. e4 c5 2. Nf3 g6 3. c4 Bg7 4. d4 cxd4 5. Nxd4 Nc6 6. Nb3 Nf6 7. Nc3 O-O 8. Be2
d6 9. O-O Be6 10. Be3 Na5 11. Nd2 Rc8 12. b3 h5 13. Rc1 Ng4 14. Bxg4 Bxg4 15. f3
Be6 16. h3 a6 17. a4 Nc6 18. f4 f5 19. exf5 Bxf5 20. Nf3 Qa5 21. Nd5 Qd8 22. Nh4
e6 23. Nxf5 Rxf5 24. Nb6 Rc7 25. Qd3 d5 26. cxd5 exd5 27. Rfd1 d4 28. Bf2 Kh7
29. Nc4 Rxf4 30. Bg3 Bh6 31. Bxf4 Bxf4 32. Rc2 Nb4 33. Qf3 Nxc2 34. Qxf4 Rd7 35.
Ne5 Re7 36. Nf3 Qd5 37. Ng5+ Kg7 38. Rf1 Qf5 39. Qd2 Qc5 40. Qf2 Ne3 41. Qf8# 1-0

[Event "Titled Tue 17th Jun Early"]
[Site "chess.com INT"]
[Date "2025.06.17"]
[Round "2"]
[White "Stemmler, Fabian"]
[Black "Kulnev, Aleksandr"]
[Result "1-0"]
[WhiteTitle "CM"]
[BlackTitle "CM"]
[WhiteElo "2190"]
[BlackElo "2213"]
[WhiteFideId "12964808"]
[BlackFideId "54157544"]
[EventDate "2025.06.17"]

1. e4 c5 2. Nf3 d6 3. d4 cxd4 4. Nxd4 Nf6 5. Nc3 a6 6. Bc4 e6 7. Bg5 b5 8. Bb3
Be7 9. Qf3 Qc7 10. e5 Bb7 11. exd6 Bxd6 12. Qe3 Nc6 13. O-O-O Nxd4 14. Qxd4 Be7
15. Rhe1 O-O 16. Qh4 h6 17. Bf4 Qc6 18. f3 Nd5 19. Bxd5 Bxh4 20. Bxc6 Bxc6 21.
Re2 Be7 22. Bd6 Ra7 23. Bxe7 Rxe7 24. Red2 Kh7 25. Rd6 Rc8 26. R1d2 Rec7 27. Ne2
Bd5 28. b3 g5 29. Kb2 Kg7 30. Rxa6 h5 31. Rb6 Rc5 32. c3 g4 33. b4 R5c7 34. fxg4
hxg4 35. Rxb5 Bxg2 36. Rg5+ Kf6 37. Rxg4 Bd5 38. Rg3 Ra7 39. Nc1 Ke7 40. Rf2
Rca8 41. Kb1 Ra3 42. h4 Rc8 43. Rg7 Raxc3 44. Rgxf7+ Kd6 45. Nb3 Bxb3 46. axb3
Rxb3+ 47. Rb2 Rxb4 48. Rxb4 1-0